Statistiche per Classifica Marcatori Manchester United All-Time

Clicka qui per fare il quiz!

Statistiche generali

  • Questo quiz è stato fatto 17 volte
  • Il punteggio medio è 5 su 10

Statistiche sulle risposte

GolNazioneCalciatore% Corretto
145PortogalloCristiano Ronaldo
100%
253InghilterraWayne Rooney
100%
167GallesRyan Giggs
88%
158Irlanda del NordGeorge Best
76%
150Paesi BassiRuud van Nistelrooy
47%
155InghilterraPaul Scholes
41%
233InghilterraSir Bobby Charlton
41%
211ScoziaDenis Law
24%
151GallesMark Hughes
12%
136InghilterraDavid Herd
6%

Distribuzione punteggi

Percentile per numero di risposta

Percentuale di utenti per punteggio

I tuoi punteggi nel tempo

Non hai fatto questo quiz